=LDR 00000nam 2200000 4500 =001 INLIS000000000019105 =005 20130612114216 =008 ***********************************Ind** =035 ##$$0010-061300000019105 =041 ##$$a Ind =082 ##$$a 823 =090 ##$$a 823, Mur t =100 ##$$a Murrell, Shirley =245 ##$$a The man from martinigue, Shuley Murrel =260 ##$$a 1957 $b London =300 ##$$a 187 hlm, 32 cm =650 ##$$a Fiksi Inggris =850 ##$$a NBPNMAT